000 01043nam a22003137a 4500
001 BR9402931
003 BR-BrBNA
005 20230928094204.0
007 ta
008 230509b bl.||||| |||| 00| 0 por d
040 _aBR-BrBNA
_bpor
_cBiblioteca Nacional de Agricultura
041 _a(Por)
072 _aH01
090 _ H01 BR9402931
110 1 _aSecretaria Nacional de Defesa Agropecuaria, Brasilia, DF (Brasil). Secretaria de Defesa Sanitaria Vegetal
_99194
110 1 _aEmpresa de Assistencia Tecnica e Extensao Rural da Bahia, Salvador (Brasil)
_93986
111 1 _a2. Encontro Nacional de Fitossanitaristas
_cSalvador, BA (Brazil)
_d9-13 Aug 1992
245 1 _a2. Encontro Nacional de Fitossanitaristas. Anais. Vol. 2
260 3 _aSalvador, BA (Brasil):
_c1992.
300 _a225 p.
650 _aDefesa Vegetal
650 _aDefensivo
650 _aDoenca de Planta
650 _aPraga de Planta
650 _aControle Quimico
650 _aErva Daninha
909 _a202309
_bLucia
_c55
_dLucia Elande
942 _cBK
999 _c49290
_d49290